[Event "Dundee & Angus op"]
[Site "Dundee"]
[Date "2011.10.15"]
[Round "3"]
[White "McLean, Ian"]
[Black "McGowan, Daniel"]
[Result "0-1"]
[WhiteElo "1849"]
[BlackElo "2088"]
[PlyCount "64"]
[EventDate "2011.10.14"]
[EventType "swiss"]
[EventRounds "5"]
[EventCountry "SCO"]
[SourceTitle "EXT 2017"]
[Source "ChessBase"]
[SourceDate "2016.10.25"]
[SourceVersion "1"]
[SourceVersionDate "2016.10.25"]
[SourceQuality "1"]

1. c4 e6 2. g3 d5 3. Bg2 Nf6 4. Nf3 Be7 5. 0-0 0-0 6. b3 b6 7. Bb2 Bb7 8. d4 Nbd7 9. Nbd2 c5 10. e3 Rc8 11. Rc1 Qc7 12. Re1 Rfd8 13. Qc2 Qb8 14. Qb1 a6 15. Ne5 dxc4 16. Ndxc4 Bxg2 17. Kxg2 Qb7+ 18. Kg1 Nxe5 19. Nxe5 Bd6 20. dxc5 bxc5 21. Nc4 Ne4 22. Red1 Be7 23. Rxd8+ Rxd8 24. Rd1 Rxd1+ 25. Qxd1 Ng5 26. Qh5 Qe4 27. f4 Qb1+ 28. Kg2 Qc2+ 29. Kg1 g6 30. Qh6 Nf3+ 31. Kh1 Qd1+ 32. Kg2 Qe2+ 0-1

[Event "Dundee & Angus op"]
[Site "Dundee"]
[Date "2009.??.??"]
[Round "5"]
[White "Scott, Jonathan"]
[Black "McLean, Ian"]
[Result "0-1"]
[WhiteElo "1663"]
[BlackElo "1854"]
[PlyCount "84"]
[EventDate "2009.10.16"]
[EventType "swiss"]
[EventRounds "5"]
[EventCountry "SCO"]
[SourceTitle "EXT 2017"]
[Source "ChessBase"]
[SourceDate "2016.10.25"]
[SourceVersion "1"]
[SourceVersionDate "2016.10.25"]
[SourceQuality "1"]

1. d4 Nf6 2. c4 g6 3. Nc3 Bg7 4. e4 d6 5. Be2 0-0 6. Bg5 h6 7. Be3 e5 8. d5 Na6 9. Qd2 Kh7 10. f3 Ng8 11. 0-0-0 f5 12. exf5 gxf5 13. Bd3 Kh8 14. Nge2 Qf6 15. Rhg1 Nc5 16. Bxc5 dxc5 17. g4 e4 18. fxe4 fxg4 19. Ng3 Qh4 20. Rgf1 Bd7 21. Nb5 Bxb5 22. Nf5 Rxf5 23. Rxf5 Be8 24. e5 Bg6 25. Qf4 Bxf5 26. Qxf5 Qg5+ 27. Qxg5 hxg5 28. e6 Ne7 29. Rg1 Be5 30. Rg2 Kg7 31. Rxg4 Bf4+ 32. Kc2 Rh8 33. Rg2 Rxh2 34. Rxh2 Bxh2 35. Kb3 a5 36. Ka4 b6 37. a3 Bd6 38. Kb3 Kf6 39. Kc2 Ke5 40. Kd2 Kf4 41. Ke2 Nf5 42. Kf2 Nh4 0-1

[Event "Oban op"]
[Site "Oban"]
[Date "2007.12.02"]
[Round "5"]
[White "McLean, Ian"]
[Black "Hawthorne, Blair"]
[Result "1-0"]
[WhiteElo "1904"]
[BlackElo "1667"]
[PlyCount "89"]
[EventDate "2007.11.30"]
[EventType "swiss"]
[EventRounds "5"]
[EventCountry "SCO"]
[SourceTitle "EXT 2023"]
[Source "ChessBase"]
[SourceDate "2022.10.05"]
[SourceVersion "1"]
[SourceVersionDate "2022.10.05"]
[SourceQuality "1"]

1. e4 g6 2. d4 Bg7 3. Nc3 d6 4. Nf3 a6 5. Be3 b5 6. a3 Nf6 7. h3 Bb7 8. Bd3 Nbd7 9. g4 c5 10. g5 Nh5 11. b4 cxd4 12. Nxd4 Nf4 13. Bf1 Qc7 14. Ncxb5 axb5 15. Nxb5 Qc6 16. f3 Ne6 17. Ra2 Nb6 18. Qd3 0-0 19. c4 f6 20. h4 fxg5 21. hxg5 Rxf3 22. Bg2 Nxg5 23. Bxf3 Nxf3+ 24. Ke2 Qxe4 25. Qxe4 Bxe4 26. Bxb6 Nd4+ 27. Bxd4 Bxh1 28. Bxg7 Kxg7 29. a4 Kf6 30. a5 Bb7 31. Kd3 d5 32. Nc7 dxc4+ 33. Kd4 Rc8 34. Nd5+ Bxd5 35. Kxd5 c3 36. Rc2 Rb8 37. Kc5 e5 38. a6 Ke6 39. a7 Rc8+ 40. Kb6 Kd5 41. Kb7 Re8 42. Rxc3 Kd6 43. a8Q Rxa8 44. Kxa8 e4 45. b5 1-0

[Event "Oban op"]
[Site "Oban"]
[Date "2007.11.30"]
[Round "1"]
[White "McLean, Ian"]
[Black "Wuts, Frank"]
[Result "0-1"]
[WhiteElo "1906"]
[BlackElo "2277"]
[PlyCount "116"]
[EventDate "2007.11.30"]
[EventType "swiss"]
[EventRounds "5"]
[EventCountry "SCO"]
[SourceTitle "EXT 2023"]
[Source "ChessBase"]
[SourceDate "2022.10.05"]
[SourceVersion "1"]
[SourceVersionDate "2022.10.05"]
[SourceQuality "1"]

1. e4 d6 2. d4 Nf6 3. Nc3 c6 4. Nf3 Bg4 5. Be2 Nbd7 6. Be3 e5 7. Qd2 Be7 8. h3 Bh5 9. dxe5 dxe5 10. 0-0 Bb4 11. Bg5 Qc7 12. Nb5 cxb5 13. Qxb4 Bxf3 14. Bxf3 Qc4 15. Qd6 Qc6 16. Rad1 Qxd6 17. Rxd6 h6 18. Be3 Ke7 19. Rfd1 Rhc8 20. Bg4 Rc7 21. Bxd7 Rxd7 22. Rxd7+ Nxd7 23. Rd5 a6 24. Kf1 Rc8 25. c3 Ke6 26. f3 f5 27. Rd1 fxe4 28. fxe4 Nf6 29. Re1 Rc4 30. Kf2 Rxe4 31. Kf3 Rc4 32. Bd4 Nd7 33. g3 Rc8 34. Be3 Rf8+ 35. Kg2 Rf7 36. Bg1 Kd5 37. Rd1+ Ke4 38. a4 bxa4 39. Ra1 b5 40. Rd1 Nf6 41. Re1+ Kd5 42. Bb6 Nd7 43. Bc7 Kc4 44. Rd1 Kb3 45. Rd2 Ka2 46. Bd6 Kb1 47. Ba3 Nb6 48. Re2 Nc4 49. h4 Ka2 50. Bb4 Kb3 51. Kh3 h5 52. g4 Rf3+ 53. Kg2 hxg4 54. Re4 Re3 55. Rxg4 Nxb2 56. Rxg7 Nd3 57. h5 Nf4+ 58. Kh2 Rh3+ 0-1

[Event "East of Scotland-ch"]
[Site "Scotland"]
[Date "2007.05.05"]
[Round "2"]
[White "McLean, Ian"]
[Black "Tate, Alan"]
[Result "0-1"]
[WhiteElo "1871"]
[BlackElo "2097"]
[PlyCount "108"]
[EventDate "2007.05.04"]
[EventType "swiss"]
[EventRounds "5"]
[EventCountry "SCO"]
[SourceTitle "EXT 2023"]
[Source "ChessBase"]
[SourceDate "2022.10.05"]
[SourceVersion "1"]
[SourceVersionDate "2022.10.05"]
[SourceQuality "1"]

1. Nf3 c5 2. e4 d6 3. g3 Nc6 4. Bg2 g6 5. 0-0 Bg7 6. d3 Nf6 7. Nbd2 0-0 8. c3 e5 9. Qe1 h6 10. Nc4 Be6 11. Ne3 Qd7 12. Nh4 Bh3 13. Bxh3 Qxh3 14. f4 exf4 15. gxf4 Rae8 16. Rf3 Qd7 17. Qg3 d5 18. e5 Nh5 19. Qg2 Kh7 20. Bd2 d4 21. Nc4 Rg8 22. Nd6 Ref8 23. Ne4 dxc3 24. bxc3 b6 25. Nf2 Ne7 26. Rf1 Nf5 27. Nxf5 Qxf5 28. Ne4 Qe6 29. Bc1 Rc8 30. Nd6 Bf8 31. Ne4 Be7 32. Rh3 Qf5 33. Kh1 Rg7 34. Bd2 Kh8 35. c4 Rh7 36. Qf3 Ng7 37. Nc3 Qd7 38. Nd5 Nf5 39. Bc3 Kg8 40. Qe4 Re8 41. Rg1 Bd8 42. Rf3 Qe6 43. Rf2 Kf8 44. a4 h5 45. Ra2 h4 46. Kg2 a5 47. Rb2 Kg7 48. Rgb1 Reh8 49. Nxb6 Rh5 50. Nd5 g5 51. Nf6 R5h6 52. fxg5 Rg6 53. Bd2 Bxf6 54. exf6+ Qxf6 0-1